Die Krise der kapitaliskischen Weltwirtschaf / (Record no. 149544)

MARC details
000 -LEADER
campo de control de longitud fija 00511nam a2200157 i 4500
001 - NÚMERO DE CONTROL
campo de control 149544
003 - IDENTIFICADOR DE NÚMERO DE CONTROL
campo de control ES-MaACL
005 - FECHA Y HORA DE LA ÚLTIMA TRANSACCIÓN
campo de control 20230906203140.0
007 - CAMPO FIJO DE DESCRIPCIÓN FÍSICA--INFORMACIÓN GENERAL
campo de control de longitud fija t|
008 - DATOS DE LONGITUD FIJA--INFORMACIÓN GENERAL
campo de control de longitud fija 071023s1922 xxr ||||1| ger d
100 1# - ENTRADA PRINCIPAL--NOMBRE DE PERSONA
Nombre de persona Varga, Evgueniï Samoïlovich.
9 (RLIN) 113186
245 14 - MENCIÓN DEL TÍTULO
Título Die Krise der kapitaliskischen Weltwirtschaf /
Mención de responsabilidad, etc. Eugen Varga.
250 ## - MENCION DE EDICION
Mención de edición 2., verm. u. umgearb. Aufl.
260 ## - PUBLICACIÓN, DISTRIBUCIÓN, ETC.
Lugar de publicación, distribución, etc. [St. Peterburgs] :
Nombre del editor, distribuidor, etc. Verlag d. Kommunist. Internationale,
Fecha de publicación, distribución, etc. 1922 (
Lugar de fabricación/manufactura Hamburg :
Fabricante C. Hoym)
852 ## - LOCALIZACIÓN
Ubicación ES-MaACL
Número de control de estantería 1633-F-6
Holdings
Estatus retirado Estado de pérdida Estado de daño No para préstamo Colección Biblioteca de origen Biblioteca actual Ubicación en estantería Fecha de adquisición Fuente de adquisición Total de préstamos Signatura topográfica completa Código de barras Visto por última vez Precio de reemplazo Tipo de ítem Koha
        Colección de folletos Biblioteca del Ateneo de Madrid Biblioteca del Ateneo de Madrid Depósito folletos 17/01/2008     1633-F-6 1156054 23/02/2023 23/02/2023 Folleto